Yank Brown, halfback /

Bibliographic Details
Main Author: Stone, David, writer of fiction
Format: Book
Language:English
Published: New York, N.Y. : Barse & Hopkins, [1921]

MARC

Tag First Indicator Second Indicator Subfields
LEADER 00000cam a2200000 a 4500
001 in00000400310
005 20151011130309.0
008 860329s1921 nyuaf j 00011 eng d
035 |a (OCoLC)13361980 
035 |9 ABS7961AM 
040 |a TXA  |c TXA  |d UtOrBLW 
049 |a [Curr Col] TXAM  |c [A08701893] 
090 |a PZ7.S876  |b Ya 1921 
100 1 |a Stone, David,  |c writer of fiction. 
245 1 0 |a Yank Brown, halfback /  |c by David Stone ; with illustrations by Charles L. Wrenn. 
264 1 |a New York, N.Y. :  |b Barse & Hopkins,  |c [1921] 
264 4 |c ©1921 
300 |a 216 pages :  |b illustrations ;  |c 20 cm. 
336 |a text  |b txt  |2 rdacontent 
337 |a unmediated  |b n  |2 rdamedia 
338 |a volume  |b nc  |2 rdacarrier 
999 |a MARS 
999 f f |s dc48647f-ce41-3faf-938f-259079b83a95  |i 86cc564a-548c-33dc-8342-df56b59ca13c  |t 0 
952 f f |p ric  |a Texas A&M University  |b Rellis Campus  |c Joint Library Facility  |d Remote Storage  |t 0  |e PZ7.S876 Ya 1921  |h Library of Congress classification  |i unmediated -- volume  |m A14808701893 
998 f f |a PZ7.S876 Ya 1921  |t 0  |l Remote Storage